000 01165nam a22003257i 4500
003 DO-SdBNP
005 20230807153826.0
006 a||||fr|||| 00| 0
007 ta
008 230807e1962 dr ||||| |||| 00| 0 spa d
040 _aDO-SdBNP
_bspa
_cBNPHU
_erda
082 4 _222
_a345.729305
_bR426c,1962
110 1 _aRepública Dominicana:
_bCamara Penal de la Suprema Corte de Justicia
_963862
_eautor
240 1 3 _a[leyes, etc.]
245 1 0 _aCódigo penal. /
_bpreparado por Abigail A. Coiscou.
250 _a4a. edición
264 1 _aSanto Domingo :
_bEditorial del Caribe,
_c1962
300 _a437 páginas :
_c22 cm
336 _2rdacontent
_atexto
_btxt
337 _2rdamedia
_asin mediación
_bn
338 _2rdacarrier
_avolumen
_bnc
500 _aIncluye bibliografía y notas al pie de páginas.
590 _aInventariado 2023 / MF
650 4 _aJurisprudencia
_zRepública Dominicana
_921317
650 4 _aDerecho penal
_xLegislación
_zRepública Dominicana
_916570
650 4 _aProcedimiento penal
_zRepública Dominicana
650 4 _aLeyes
_zRepública Dominicana
_93033
700 1 _aCoiscou, Abigail A.
_919671
942 _2ddc
_cLBS1
999 _c54346
_d54346